000 00559nam a2200229Ia 4500
003 OSt
005 20220924150417.0
006 a|||||r|||| 00| 0
007 ta
008 220923b |||||||| |||| 00| 0 tel d
024 _a333035
037 _cTextual
040 _aARTS
_cARTS
_btel
041 _2tel
_atel
082 _aO35,1M97x, J8
100 _aSastri Krishna
_9191405
245 0 _aKvutulu
260 _c1958
650 _aTELUGU POETRY
942 _hO35,1M97x, J8
_cTEXL
_2CC
999 _c463237
_d463237